| 000 | 02021 a2200313 4500 | ||
|---|---|---|---|
| 999 |
_c71388 _d33717 |
||
| 001 | 71388 | ||
| 003 | TR-AnTOB | ||
| 005 | 20260206135655.0 | ||
| 008 | 120416s2002 tu 000 0 | ||
| 040 |
_aTR-AnTOB _cTR-AnTOB |
||
| 041 | 0 | _aeng | |
| 050 | 0 | 0 |
_aDR589 _b.S33 2002 |
| 090 | _aAV DR589 .S33 2002 | ||
| 100 | 1 |
_aShaw, Stanford J. _q(Stanford Jay), _d1930-2006 _9106844 |
|
| 245 | 1 | 0 |
_aFrom empire to republic _bthe Turkish war of national liberation 1918-1923 : a documentary study / _cStanford J. Shaw. |
| 246 | 3 | 3 | _aThe Turkish war of natioanl liberation 1918-1923 a documentary study |
| 264 | 1 |
_aAnkara : _bTurkish Historical Society, _c2002 |
|
| 300 |
_a1 CD-ROM (4 3/4 in). _bsd., col. ; _c4.75 in. |
||
| 490 | 0 | _aTürk Tarih Kurumu yayınları | |
| 500 | _aSet up : CD-ROM setup/installation is requried before first use. Setup/installation shield verifies the existence of adequate fonts and software on your computer. When missing, setup automatically procedes with the installation of the necessary fonts and software.Thereafter, CD-ROM runs automatically. | ||
| 505 | _aFrom Empire to Republic : The Turkish War of National Liberation 1918-1923 : a documentary Study Vol. 1. -- The Turkish War of National Liberation 1918-1923 : a documentary Study Vol. 2. --The Turkish War of National Liberation 1918-1923 : a documentary Study Vol. 3. Part 1 -- The Turkish War of National Liberation 1918-1923 : a documentary Study Vol. 3.Part 2 --The Turkish War of National Liberation 1918-1923 : a documentary Study Vol. 4. -- The Turkish War of National Liberation 1918-1923 : a documentary Study | ||
| 530 | _aSystem requirements : Pentium CPU, 64 MB RAM, 32*CD-ROM. | ||
| 538 | _aSystem requirements: Pentium CPU; 64 Mb RAM; 40x CD-ROM player; 26 Mb Sound card; 8Mb video card; Media player. | ||
| 651 | 0 |
_aTürkiye _xTarih _yKurtuluş Savaşı, 1918-1923 _910811 |
|
| 651 |
_aTurkey _xHistory _yRevolution, 1918-1923 _941590 |
||
| 710 | 2 |
_aTürk Tarih Kurumu _946395 |
|
| 942 |
_cBK _2lcc |
||
| 945 | _aMC, 29.07.2008- eu | ||